| 000 | 00507nam a2200169Ia 4500 | ||
|---|---|---|---|
| 999 |
_c1543 _d1543 |
||
| 003 | OSt | ||
| 005 | 20201014103232.0 | ||
| 008 | 190216s9999||||xx |||||||||||||| ||und|| | ||
| 040 | _coclc | ||
| 082 |
_a613.2 _bMAT/G |
||
| 100 |
_aMathew, S _95270 |
||
| 245 | 0 |
_aGuidance For Planning Normal And Therapeutic Diets / _cS Mathew ; Vidha Bhatnagar |
|
| 260 |
_bMedi World Press , _c1994. _aVyas Nagar: |
||
| 300 | _a80p | ||
| 650 | _aBotany | ||
| 942 |
_cBK _2ddc _h613.2 _iMAT/G _k613.2 _mMAT/G |
||